[Event "Barcelona Sants op 19th"]
[Site "Barcelona"]
[Date "2017.08.18"]
[Round "1"]
[White "Panelo Munoz, Marcelo A"]
[Black "Kaeppeli, Adriano"]
[Result "1-0"]
[WhiteElo "2386"]
[BlackElo "2013"]
[PlyCount "47"]
[EventDate "2017.08.18"]
[EventType "swiss"]
[EventRounds "10"]
[EventCountry "ESP"]
[SourceTitle "CBM 180 Extra"]
[Source "ChessBase"]
[SourceDate "2017.10.06"]
[SourceVersion "1"]
[SourceVersionDate "2017.10.06"]
[SourceQuality "1"]

1. Nf3 d5 2. d4 Nf6 3. c4 c6 4. Nc3 dxc4 5. a4 Bf5 6. e3 e6 7. Bxc4 Bb4 8. 0-0 Nbd7 9. Nh4 Bg4 10. f3 Bh5 11. g4 g5 12. Ng2 Bg6 13. e4 h6 14. Be3 Qc7 15. Rc1 Nb6 16. Bb3 a5 17. Qe2 0-0 18. h4 Qg3 19. hxg5 hxg5 20. Bxg5 Kg7 21. Bh4 Qh3 22. Kf2 Bxc3 23. bxc3 Qh2 24. Bxf6+ 1-0

[Event "Basel op"]
[Site "Basel"]
[Date "2017.01.03"]
[Round "3"]
[White "Kaeppeli, Adriano"]
[Black "Rahnfeld, Jens"]
[Result "0-1"]
[WhiteElo "1952"]
[BlackElo "2274"]
[PlyCount "56"]
[EventDate "2017.01.02"]
[EventType "swiss"]
[EventRounds "9"]
[EventCountry "SUI"]
[SourceTitle "CBM 176 Extra"]
[Source "ChessBase"]
[SourceDate "2017.03.02"]
[SourceVersion "1"]
[SourceVersionDate "2017.03.02"]
[SourceQuality "1"]

1. e4 c5 2. Nf3 d6 3. d4 cxd4 4. Nxd4 Nf6 5. Nc3 a6 6. Bg5 Nbd7 7. f4 Qc7 8. Qf3 b5 9. Bd3 Bb7 10. 0-0-0 g6 11. Bxf6 Nxf6 12. g4 Bg7 13. f5 Nd7 14. fxg6 hxg6 15. Nce2 Qc5 16. Qf2 Qg5+ 17. Kb1 Qxg4 18. Rdf1 Bf6 19. Rhg1 Qh5 20. Nf4 Qe5 21. c3 Nc5 22. Bc2 Nxe4 23. Bxe4 Bxe4+ 24. Ka1 g5 25. Re1 gxf4 26. Nc6 Qd5 27. Nb4 Qc5 28. Qxf4 Qxc3 0-1

[Event "Basel op"]
[Site "Basel"]
[Date "2017.01.02"]
[Round "1"]
[White "Stillger, Bernhard"]
[Black "Kaeppeli, Adriano"]
[Result "1-0"]
[WhiteElo "2261"]
[BlackElo "1952"]
[PlyCount "53"]
[EventDate "2017.01.02"]
[EventType "swiss"]
[EventRounds "9"]
[EventCountry "SUI"]
[SourceTitle "CBM 176 Extra"]
[Source "ChessBase"]
[SourceDate "2017.03.02"]
[SourceVersion "1"]
[SourceVersionDate "2017.03.02"]
[SourceQuality "1"]

1. c4 c5 2. Nf3 Nc6 3. Nc3 g6 4. e3 Bg7 5. d4 cxd4 6. exd4 e6 7. d5 Ne5 8. Nd4 d6 9. Be2 Nf6 10. dxe6 fxe6 11. 0-0 0-0 12. Be3 d5 13. cxd5 exd5 14. Qb3 Kh8 15. h3 Nc6 16. Rad1 Re8 17. Nf3 Be6 18. Qxb7 Na5 19. Qa6 Bc8 20. Qb5 Bd7 21. Qc5 Nc6 22. Nxd5 Bf8 23. Qc3 Bg7 24. Nxf6 Bxf6 25. Rxd7 Bxc3 26. Rxd8 Raxd8 27. bxc3 1-0

[Event "Lugano New op-B 8th"]
[Site "Lugano"]
[Date "2015.04.06"]
[Round "6"]
[White "Kaeppeli, Adriano"]
[Black "Brioschi, Camillo"]
[Result "1/2-1/2"]
[WhiteElo "1883"]
[BlackElo "1787"]
[PlyCount "142"]
[EventDate "2015.04.03"]
[EventType "swiss"]
[EventRounds "6"]
[EventCountry "SUI"]
[SourceTitle "CBM 165 Extra"]
[Source "ChessBase"]
[SourceDate "2015.04.21"]
[SourceVersion "1"]
[SourceVersionDate "2015.04.21"]
[SourceQuality "1"]

1. e4 e5 2. Nf3 Nc6 3. Bc4 Nf6 4. d4 exd4 5. 0-0 Bc5 6. e5 d5 7. exf6 dxc4 8. Re1+ Be6 9. Ng5 Qd5 10. Nc3 Qf5 11. Nce4 0-0-0 12. g4 Qe5 13. Nxe6 fxe6 14. fxg7 Rhg8 15. Bh6 d3 16. c3 d2 17. Re2 Rd3 18. Nxc5 Qxc5 19. Rxd2 Qd5 20. Rxd3 cxd3 21. Qb3 Qe4 22. f3 Qg6 23. g5 Qf5 24. Qa3 Rxg7 25. Bxg7 Qxg5+ 26. Kh1 Qxg7 27. Rf1 Ne5 28. Qxa7 Qh6 29. Qa8+ Kd7 30. Qxb7 Nc6 31. Qb3 Qe3 32. Qd1 d2 33. Kg2 Ne5 34. Rf2 Nc4 35. Re2 Qd3 36. Kf2 Qd6 37. Kg1 Qd5 38. b3 Qxf3 39. Rxd2+ Nxd2 40. Qxd2+ Kc8 41. c4 h5 42. Qf2 Qg4+ 43. Kf1 Qd1+ 44. Kg2 Qg4+ 45. Qg3 Qe2+ 46. Kh3 Qe4 47. Qg8+ Kd7 48. Qf7+ Kc8 49. Qg8+ Kd7 50. Qf7+ Kc8 51. Qe8+ Kb7 52. Qb5+ Kc8 53. Qxh5 Qe3+ 54. Kg4 Qe4+ 55. Kg3 Qe3+ 56. Kg4 Qg1+ 57. Kf4 Qd4+ 58. Kg5 Qg7+ 59. Kh4 Qf6+ 60. Kg3 Qc3+ 61. Qf3 Qe5+ 62. Qf4 Qc3+ 63. Kg4 Qg7+ 64. Qg5 Qd4+ 65. Kh5 Qh8+ 66. Qh6 Qe5+ 67. Kg6 Qf5+ 68. Kg7 e5 69. Qa6+ Kd7 70. Qb5+ Kd8 71. Qd5+ Ke7 1/2-1/2

[Event "Lugano New op-B 8th"]
[Site "Lugano"]
[Date "2015.04.05"]
[Round "4"]
[White "Kaeppeli, Adriano"]
[Black "Cittadini, Dario"]
[Result "1/2-1/2"]
[WhiteElo "1883"]
[BlackElo "1949"]
[PlyCount "88"]
[EventDate "2015.04.03"]
[EventType "swiss"]
[EventRounds "6"]
[EventCountry "SUI"]
[SourceTitle "CBM 165 Extra"]
[Source "ChessBase"]
[SourceDate "2015.04.21"]
[SourceVersion "1"]
[SourceVersionDate "2015.04.21"]
[SourceQuality "1"]

1. e4 e5 2. Nf3 Nc6 3. Bc4 Bc5 4. b4 Bxb4 5. c3 Be7 6. d4 exd4 7. 0-0 d6 8. cxd4 Nf6 9. Qb3 0-0 10. e5 dxe5 11. dxe5 Na5 12. exf6 Bxf6 13. Qb4 Nxc4 14. Nc3 Nb6 15. Ba3 Re8 16. Rad1 Bd7 17. Nd5 Nxd5 18. Rxd5 Qc8 19. Bb2 Bxb2 20. Qxb2 Bc6 21. Rg5 g6 22. Nh4 Qe6 23. Nf5 f6 24. Nd4 Qf7 25. Rg3 Qd5 26. h4 Rad8 27. Nxc6 Qxc6 28. h5 g5 29. h6 Qb6 30. Rxg5+ Kf8 31. Rb5 Qd6 32. Rxb7 a6 33. Rc1 Rd7 34. Qc2 Rde7 35. Rbb1 Qf4 36. Qc6 Qxh6 37. Qxa6 Qf4 38. Qd3 Kg7 39. Qg3+ Qxg3 40. fxg3 Ra8 41. Rc2 Kg6 42. Rb7 h5 43. Rb4 c5 44. Rbc4 Rea7 1/2-1/2

[Event "Lugano New op-B 8th"]
[Site "Lugano"]
[Date "2015.04.05"]
[Round "5"]
[White "Prete, Alessandro"]
[Black "Kaeppeli, Adriano"]
[Result "1/2-1/2"]
[WhiteElo "1924"]
[BlackElo "1883"]
[PlyCount "31"]
[EventDate "2015.04.03"]
[EventType "swiss"]
[EventRounds "6"]
[EventCountry "SUI"]
[SourceTitle "CBM 165 Extra"]
[Source "ChessBase"]
[SourceDate "2015.04.21"]
[SourceVersion "1"]
[SourceVersionDate "2015.04.21"]
[SourceQuality "1"]

1. d4 Nf6 2. Nf3 e6 3. e3 b6 4. Bd3 Bb7 5. 0-0 c5 6. b3 Nc6 7. Bb2 cxd4 8. exd4 d5 9. Qe2 Bd6 10. a3 0-0 11. Ne5 Qc7 12. f4 Ne4 13. Nd2 f5 14. c4 Bxe5 15. dxe5 Na5 16. Bxe4 1/2-1/2

[Event "Lugano op"]
[Site "Lugano"]
[Date "2014.11.09"]
[Round "4"]
[White "Kaeppeli, Adriano"]
[Black "Coqueraut, Jean Dominique"]
[Result "1/2-1/2"]
[WhiteElo "1858"]
[BlackElo "1728"]
[PlyCount "48"]
[EventDate "2014.11.07"]
[EventType "swiss"]
[EventRounds "5"]
[EventCountry "SUI"]
[SourceTitle "EXT 2015"]
[Source "ChessBase"]
[SourceDate "2014.11.20"]
[SourceVersion "1"]
[SourceVersionDate "2014.11.20"]
[SourceQuality "1"]

1. e4 d6 2. d4 e5 3. dxe5 dxe5 4. Qxd8+ Kxd8 5. f4 f6 6. Nf3 Bd6 7. fxe5 fxe5 8. Nc3 c6 9. Bg5+ Nf6 10. 0-0-0 Ke7 11. Nh4 Be6 12. Bc4 Rd8 13. Nf5+ Bxf5 14. exf5 h6 15. Bh4 b5 16. Bxf6+ gxf6 17. Be6 Na6 18. Ne4 Nc7 19. Bb3 a5 20. Rxd6 Rxd6 21. Nxd6 Kxd6 22. Kd2 Nd5 23. Bxd5 cxd5 24. c3 Rg8 1/2-1/2

[Event "Lugano op"]
[Site "Lugano"]
[Date "2014.11.08"]
[Round "3"]
[White "Boschetti, Claudio"]
[Black "Kaeppeli, Adriano"]
[Result "1-0"]
[WhiteElo "2129"]
[BlackElo "1858"]
[PlyCount "83"]
[EventDate "2014.11.07"]
[EventType "swiss"]
[EventRounds "5"]
[EventCountry "SUI"]
[SourceTitle "EXT 2015"]
[Source "ChessBase"]
[SourceDate "2014.11.20"]
[SourceVersion "1"]
[SourceVersionDate "2014.11.20"]
[SourceQuality "1"]

1. e4 e5 2. Bc4 Nc6 3. Nf3 Bc5 4. c3 Nf6 5. d3 d6 6. a4 a6 7. 0-0 h6 8. Re1 0-0 9. h3 Be6 10. Nbd2 Bxc4 11. Nxc4 Re8 12. Nh4 d5 13. exd5 Nxd5 14. Nf5 Qf6 15. Qg4 Qg6 16. Qf3 Rad8 17. d4 Nf4 18. g4 Ba7 19. Bxf4 exf4 20. Qxf4 b5 21. axb5 axb5 22. Ne5 Nxe5 23. Rxe5 Bb8 24. Rxb5 c6 25. Rxb8 Rxb8 26. Qxb8 Rxb8 27. Ne7+ Kh7 28. Nxg6 Kxg6 29. b4 Kg5 30. Kg2 Kf4 31. Ra7 Ke4 32. Rxf7 Kd3 33. Rf3+ Kc4 34. Re3 Rf8 35. Re6 Kxc3 36. Rxc6+ Kxb4 37. Rc7 g5 38. Rc6 Rf4 39. Rxh6 Rxd4 40. Rf6 Rd8 41. Rf5 Rg8 42. f4 1-0